000 01247nam a2200313Ia 4500
001 ebr10648639
003 CaPaEBR
006 m u
007 cr cn|||||||||
008 111102s2013 si sb 000 0 eng d
020 _z9789814436427
020 _z9789814436434
040 _aCaPaEBR
_cCaPaEBR
035 _a(OCoLC)825093244
050 1 4 _aHG176.7
_b.R43 2013eb
245 0 0 _aRecent developments in computational finance
_h[electronic resource] :
_bfoundations, algorithms and applications /
_ceditors, Thomas Gerstner, Peter Kloeden.
260 _aSingapore :
_bWorld Scientific,
_c2013.
300 _aviii, 472 p.
490 0 _aInterdisciplinary mathematical sciences ;
_v14
504 _aIncludes bibliographical references.
533 _aElectronic reproduction.
_bPalo Alto, Calif. :
_cebrary,
_d2013.
_nAvailable via World Wide Web.
_nAccess may be limited to ebrary affiliated libraries.
650 0 _aFinancial engineering.
650 0 _aFinance.
655 7 _aElectronic books.
_2local
700 1 _aKloeden, Peter E.
700 1 _aGerstner, Thomas.
710 2 _aebrary, Inc.
856 4 0 _uhttp://site.ebrary.com/lib/rucke/Doc?id=10648639
_zAn electronic book accessible through the World Wide Web; click to view
999 _c45282
_d45282